Kurdi sa hlásia o slovo

Občianska vojna v Sýrii zbavila miestnych Kurdov útlaku, ale nepripravila ich na slobodu. Súvislé územie, na ktorom žijú (Kurdistan) a vzdialené ostrovčeky. Úspech irackého Kurdistanu. Politická situácia.

Uložené v:
Podrobná bibliografia
Hlavný autor: Pressburg, Adrian Peter
Médium: Kapitola
Jazyk:Slovak
Predmet:
Tagy: Pridať tag
Žiadne tagy, Buďte prvý, kto otaguje tento záznam!

MARC

LEADER 00000naa a2200000 4500
001 0160521
005 20231113080212.7
041 0 |a slo 
044 |a SK 
245 1 0 |a Kurdi sa hlásia o slovo  |c Adrian Peter Pressburg 
520 |a Občianska vojna v Sýrii zbavila miestnych Kurdov útlaku, ale nepripravila ich na slobodu. Súvislé územie, na ktorom žijú (Kurdistan) a vzdialené ostrovčeky. Úspech irackého Kurdistanu. Politická situácia. 
610 2 0 |a Sýria 
610 2 0 |a vojny 
610 2 0 |a národ 
100 1 |a Pressburg, Adrian Peter